export_success — 

Gender Violence, the Law, and Society : Interdisciplinary Perspectives from India, Japan and South Africa.

The ebook edition of this title is Open Access, thanks to Knowledge Unlatched funding, and freely available to read online. Gender Violence, the Law, and Societyanalyses and explores the historical and cultural roots of issues of gender-based and sexual violence in Japan, India and South Africa.

Bibliographic Details
Main Author: Schotanus, M. Susanne.
Format: eBook
Language:English
Published: Bingley : Emerald Publishing Limited, 2022.
Edition:1st ed.
Series:Emerald Interdisciplinary Connexions Series
Subjects:
Online Access:Click to View
LEADER 01970nam a22004093i 4500
001 EBC7102659
003 MiAaPQ
005 20231204023228.0
006 m o d |
007 cr cnu||||||||
008 231204s2022 xx o ||||0 eng d
020 |a 9781801171274  |q (electronic bk.) 
020 |z 9781801171304 
035 |a (MiAaPQ)EBC7102659 
035 |a (Au-PeEL)EBL7102659 
035 |a (OCoLC)1349228438 
040 |a MiAaPQ  |b eng  |e rda  |e pn  |c MiAaPQ  |d MiAaPQ 
050 4 |a HM(1)-1281 
082 0 |a 301 
100 1 |a Schotanus, M. Susanne. 
245 1 0 |a Gender Violence, the Law, and Society :  |b Interdisciplinary Perspectives from India, Japan and South Africa. 
250 |a 1st ed. 
264 1 |a Bingley :  |b Emerald Publishing Limited,  |c 2022. 
264 4 |c Ã2022. 
300 |a 1 online resource (201 pages) 
336 |a text  |b txt  |2 rdacontent 
337 |a computer  |b c  |2 rdamedia 
338 |a online resource  |b cr  |2 rdacarrier 
490 1 |a Emerald Interdisciplinary Connexions Series 
520 |a The ebook edition of this title is Open Access, thanks to Knowledge Unlatched funding, and freely available to read online. Gender Violence, the Law, and Societyanalyses and explores the historical and cultural roots of issues of gender-based and sexual violence in Japan, India and South Africa. 
588 |a Description based on publisher supplied metadata and other sources. 
590 |a Electronic reproduction. Ann Arbor, Michigan : ProQuest Ebook Central, 2023. Available via World Wide Web. Access may be limited to ProQuest Ebook Central affiliated libraries.  
655 4 |a Electronic books. 
776 0 8 |i Print version:  |a Schotanus, M. Susanne  |t Gender Violence, the Law, and Society  |d Bingley : Emerald Publishing Limited,c2022  |z 9781801171304 
797 2 |a ProQuest (Firm) 
830 0 |a Emerald Interdisciplinary Connexions Series 
856 4 0 |u https://ebookcentral.proquest.com/lib/matrademy/detail.action?docID=7102659  |z Click to View